| 000 | 00689nam a22002177a 4500 | ||
|---|---|---|---|
| 003 | OSt | ||
| 005 | 20230127115136.0 | ||
| 008 | 221006b |||||||| |||| 00| 0 eng d | ||
| 020 | _a1 919930 24 8 | ||
| 040 | _cBiblioteca Lado V | ||
| 082 |
_a709 _bD893s |
||
| 100 |
_9683 _aDumont, Fabienne _ecurador |
||
| 245 |
_aSue Williamson/ _bSelected Work/ |
||
| 260 |
_aEurope _c2003 _bABC Press |
||
| 300 |
_c23x26cm _a102p. |
||
| 650 |
_2Tesauro de Arte & Arquitectura _aARTE |
||
| 650 |
_2Tesauro de Arte & Arquitectura _aCATALOGO |
||
| 650 |
_2Tesauro de Arte & Arquitectura _aEXHIBICION |
||
| 700 |
_aOstrander, Tobias _eCurador _928 |
||
| 942 |
_2ddc _c1 _h709 _iD893s _n0 |
||
| 999 |
_c2966 _d2966 |
||